Normal view MARC view
  • Finance

Entry Topical Term

Number of records used in: 1

001 - CONTROL NUMBER

  • control field: 88828

003 - CONTROL NUMBER IDENTIFIER

  • control field: NUST

005 - DATE AND TIME OF LATEST TRANSACTION

  • control field: 20220206142050.0

008 - FIXED-LENGTH DATA ELEMENTS

  • fixed length control field: 220206|| aca||aabn | a|a d

040 ## - CATALOGING SOURCE

  • Original cataloging agency: NUST
  • Transcribing agency: NUST

150 ## - HEADING--TOPICAL TERM

  • Topical term or geographic name entry element: Finance
  • General subdivision: Mathematical models

670 ## - SOURCE DATA FOUND

  • Source citation: Work cat.: (NUST)3596: Anthony, Martin. 88826, Mathematics for economics and finance :, 2005.
© 2023 Central Library, National University of Sciences and Technology. All Rights Reserved.